000 00808nam a2200229 a 4500
003 DO-SdBNP
005 20231113084148.0
007 ta
008 211021e2002 dr ||||gr|||| 001 edspa d
020 _a9993467073
040 _aDO-SdBNP
_bspa
_cBNPHU
082 4 _bM623e
_222
100 1 _a Michel Féliz, Carlos Julio.
_980310
245 1 0 _aEconomía dominicana : ensayos puntuales /
_cCarlos Julio Michel Féliz; prólogo, Roberto B. Saladin Selin
260 _aSanto Domingo :
_bAmigo del Hogar,
_c2002
300 _a224 p. ;
_bil. ,
_c23 cm.
504 _aBibliografía: p. 223-224
590 _aInventariado 2021 / MF
651 4 _a República Dominicana
_xCondiciones económicas
_yEnsayos, conferencias, etc.
_984616
700 1 _96281
_aSaladin Selin, Roberto B.,
_d1936-
_epról.
942 _2ddc
_cLBS1
999 _c50801
_d50801